000
00326nam a22001457a 4500
003
OSt
005
20211228085848.0
008
211228b |||||||| |||| 00| 0 eng d
020
_a
0321434455
040
_c
HU
082
_2
9 th
100
_a
Brookshear J. Glenn
_9
25596
245
_a
Computer Science
942
_2
ddc
_c
BOOKS
_n
0
999
_c
24495
_d
24495